Besavm : Ani her katha (Record no. 139357)
[ view plain ]
| 000 -LEADER | |
|---|---|
| fixed length control field | 00674nam a2200241Ia 4500 |
| 003 - CONTROL NUMBER IDENTIFIER | |
| control field | OSt |
| 005 - DATE AND TIME OF LATEST TRANSACTION | |
| control field | 20240729164156.0 |
| 008 - FIXED-LENGTH DATA ELEMENTS--GENERAL INFORMATION | |
| fixed length control field | 210210b2005 xxu||||| |||| 00| 0 eng d |
| 040 ## - CATALOGING SOURCE | |
| Transcribing agency | AL |
| 041 ## - LANGUAGE CODE | |
| Language code of text/sound track or separate title | Konkani |
| 082 ## - DEWEY DECIMAL CLASSIFICATION NUMBER | |
| Classification number | 891.463 PIRB |
| 100 ## - MAIN ENTRY--PERSONAL NAME | |
| Personal name | PIRERA (Asunta) |
| Dates associated with a name | ಪಿರೇರಾ (ಅಸುಂತಾ) |
| 9 (RLIN) | 174464 |
| 245 ## - TITLE STATEMENT | |
| Title | Besavm : Ani her katha |
| Remainder of title | ಬೆಸಾಂವ್ ಆನಿ ಹೆರ್ ಕಥಾ |
| 260 ## - PUBLICATION, DISTRIBUTION, ETC. | |
| Place of publication, distribution, etc. | Gantalkatte |
| Name of publisher, distributor, etc. | Not Mentioned |
| Date of publication, distribution, etc. | 2005 |
| 300 ## - PHYSICAL DESCRIPTION | |
| Extent | 86 |
| 650 ## - SUBJECT ADDED ENTRY--TOPICAL TERM | |
| Topical term or geographic name entry element | katha |
| 9 (RLIN) | 174465 |
| 650 ## - SUBJECT ADDED ENTRY--TOPICAL TERM | |
| Topical term or geographic name entry element | her |
| 9 (RLIN) | 174466 |
| 650 ## - SUBJECT ADDED ENTRY--TOPICAL TERM | |
| Topical term or geographic name entry element | Besav |
| 9 (RLIN) | 174467 |
| 650 ## - SUBJECT ADDED ENTRY--TOPICAL TERM | |
| Topical term or geographic name entry element | Ani |
| 9 (RLIN) | 174468 |
| 690 ## - LOCAL SUBJECT ADDED ENTRY--TOPICAL TERM (OCLC, RLIN) | |
| Topical term or geographic name as entry element | Konkani Fiction |
| 9 (RLIN) | 174469 |
| 906 ## - LOCAL DATA ELEMENT F, LDF (RLIN) | |
| a | 064076 |
| 942 ## - ADDED ENTRY ELEMENTS (KOHA) | |
| Source of classification or shelving scheme | Dewey Decimal Classification |
| Koha item type | Book |
| Withdrawn status | Lost status | Damaged status | Not for loan | Collection code | Home library | Current library | Shelving location | Date acquired | Source of acquisition | Cost, normal purchase price | Total Checkouts | Full call number | Barcode | Date last seen | Price effective from | Koha item type |
|---|---|---|---|---|---|---|---|---|---|---|---|---|---|---|---|---|
| St Aloysius Library | St Aloysius Library | 02/17/2021 | Karnataka konkani sahithya akademi, manglur | 50.00 | 891.463 PIRB | 064076 | 02/17/2021 | 02/17/2021 | Book |